|
|
|
|
| LEADER |
00000nta a2200000 i 4500 |
| 001 |
dolg42617 |
| 005 |
20230116112935.0 |
| 008 |
230116s2014 hu om 000 hun d |
| 040 |
|
|
|a BGE Dolgozattár Repozitórium
|b hun
|
| 041 |
|
|
|a hu
|
| 100 |
1 |
|
|a Ertli Renáta
|
| 245 |
1 |
0 |
|a Folyami szállítmányozás a Plimsoll Szolgáltató Kft. gyakorlatában
|b problémák és lehetséges megoldások
|c Ertli Renáta
|h [elektronikus dokumentum]
|
| 260 |
|
|
|c 2014
|
| 695 |
|
|
|a Folyami árufuvarozás
|
| 695 |
|
|
|a Közlekedéspolitika
|
| 700 |
1 |
|
|a Nincs adat Nincs adat
|e ths
|
| 856 |
4 |
0 |
|u http://dolgozattar.uni-bge.hu/42617/1/D_16912_B9BM3M%20-%20Ertli%20Ren%C3%A1ta.pdf
|z Dokumentum-elérés
|